000 01132cam a2200325 a 4500
001 13768014
003 OSt
005 20170131143704.0
008 041101s2005 nyua b 001 0 eng d
010 _a 2004303215
020 _a0471447579
035 _a(OCoLC)ocm54986063
040 _aYYP
_cYYP
_dOCLCQ
_dVET
_dDLC
042 _alccopycat
050 0 0 _aBF121
_b.W44 2005
100 1 _aKowalski, Robin M.
245 1 0 _aPsychology /
_cRobin Kowalski, Drew Westen.
250 _a4th ed.
260 _aHoboken, NJ :
_bWiley,
_c2005.
300 _a1 v. (various pagings) :
_bill. (chiefly col.) ;
_c29 cm.
504 _aIncludes bibliographical references (p. [R1]-R69) and indexes.
650 0 _aPsychology
_vTextbooks.
650 2 _aPsychology.
700 1 _aWesten, Drew,
_d1959-
856 4 1 _3Table of contents only
_uhttp://www.loc.gov/catdir/toc/wiley051/2004303215.html
856 4 2 _3Publisher description
_uhttp://www.loc.gov/catdir/enhancements/fy0620/2004303215-d.html
906 _a7
_bcbc
_ccopycat
_d2
_encip
_f20
_gy-gencatlg
942 _2lcc
_cBK
999 _c48311
_d48311